00329nam a2200121Ia 4500008004100000041000800041082001200049100002100061245004500082260004400127300001900171999001700190241015s9999 xx 000 0 und d aeng a920 GUP aGupta, K. Vishal a75 Amazing Indians Who Made A Difference bVitasta Publishing PvtaNew Dehlic2024 a369;. P. 21 cm c41912d41912